00522nam a2200157Ia 4500003000900000008004100009020002200050040001600072080001600088100001700104245013800121260004800259300000900307650002500316650002300341IN-BaIIA211028s9999 xx 000 0 eng d a978-1-316-61194-4 cIIA Library a083:51bCOM aComrie, L. J 0aMathematical tables pt-vol. A :legendre polynomialsblegendre polynomialscL. J Comrie  aCambridgebCambridge University Pressc2016 a42p. aLegendre polynomials aMathematics-tables